Business Laws / (Record no. 28473)

MARC details
000 -LEADER
fixed length control field 01036nam a22002535a 4500
005 - DATE AND TIME OF LATEST TRANSACTION
control field 20090720161955.0
008 - FIXED-LENGTH DATA ELEMENTS--GENERAL INFORMATION
fixed length control field 090630s2009 ii a 000 0ceng
010 ## - LCCN (DPL NO)
LC control number ENG-94486
020 ## - INTERNATIONAL STANDARD BOOK NUMBER
International Standard Book Number 9788180546457
Terms of availability 110.00
035 ## - SYSTEM CONTROL NUMBER
System control number EN-78019
037 ## - SOURCE OF ACQUISITION
Source of stock number/acquisition DBAD / PUB
040 ## - CATALOGING SOURCE
Original cataloging agency dpl
Language of cataloging English
082 ## - DEWEY DECIMAL CLASSIFICATION NUMBER
Classification number 346.07
100 ## - MAIN ENTRY--PERSONAL NAME
Personal name Kapoor, N.D.
245 ## - TITLE STATEMENT
Title Business Laws /
Statement of responsibility, etc by N.D. Kapoor
250 ## - EDITION STATEMENT
Edition statement 9th ed.
260 ## - PUBLICATION, DISTRIBUTION, ETC. (IMPRINT)
Place of publication, distribution, etc New Delhi
Name of publisher, distributor, etc Sultan Chand & Sons
Date of publication, distribution, etc 2009
270 ## - ADDRESS
Address 23, Daryaganj
City New Delhi
Postal code 110002
300 ## - PHYSICAL DESCRIPTION
Extent Various pagings
Dimensions 26cm(pbk)
500 ## - GENERAL NOTE
General note For B.Com VI semester and B.B.M. IV semester, new syllabus of Banglore University and other equivalent courses.
520 ## - SUMMARY, ETC.
Summary, etc Contributed write ups on women at panchayat level in Maharashtra and their political contributions.
942 ## - ADDED ENTRY ELEMENTS (KOHA)
Source of classification or shelving scheme Dewey Decimal Classification
Item type English Books
Call number suffix KAP
Classification part 346.07
Holdings
Withdrawn status Lost status Source of classification or shelving scheme Damaged status Not for loan Collection code Home library Current library Date acquired Source of acquisition Cost, normal purchase price Total Checkouts Full call number Barcode Date last seen Copy number Cost, replacement price Koha item type
    Dewey Decimal Classification   Not For Loan Non-fiction D.B.Act.Division D.B.Act.Division 20/07/2009 DBAD / PUB 110.00   346.07 KAP EN-78019 20/07/2009 1 110.00 English Books

© Delhi Public Library
Hit Counter
free hit counter